| 000 | 00629 a2200193 4500 | ||
|---|---|---|---|
| 999 |
_c10682 _d10682 |
||
| 020 | _a9781779247780 | ||
| 050 |
_aKQ18.Z56 _bJUD 2022 |
||
| 100 |
_aTsabora, James _deditor |
||
| 245 |
_aThe Judiciary and the Zimbabwean Constitution / _bedited by James Tsabora |
||
| 264 |
_aHarare : _bUniversity of Zimbabwe Press, _cc2022 |
||
| 300 |
_avii,374 pages _b26cm |
||
| 336 |
_btxt _2rdacontent _atext |
||
| 337 |
_aunmediated : _2rdamedia _bn |
||
| 338 |
_avolume : _2rdacarrier _bnc |
||
| 500 | _aLaw texts | ||
| 650 |
_aConstitution _xZimbabwe |
||
| 650 |
_aJudiciary -- Constitution _xZimbabwe |
||
| 942 |
_2lcc _cBK _h18.Z56 _iJUD _kKQ |
||